<?xml version="1.0" encoding="UTF-8"?>
<marc:record xmlns:marc="http://www.loc.gov/MARC21/slim">
   <marc:leader>00000nam a2200000 a 4500</marc:leader>
   <marc:datafield ind1="0" ind2="0" tag="245">
      <marc:subfield code="a">Badehase</marc:subfield>
   </marc:datafield>
   <marc:datafield ind1="0" ind2="0" tag="245">
      <marc:subfield code="b">meine ersten Spiele</marc:subfield>
   </marc:datafield>
   <marc:datafield ind1=" " ind2="1" tag="264">
      <marc:subfield code="b">Haba</marc:subfield>
      <marc:subfield code="c">2014</marc:subfield>
   </marc:datafield>
   <marc:datafield ind1="1" ind2=" " tag="520">
      <marc:subfield code="a">Badehase Blubbernase planscht mit seinen zwei Entchen in der Wanne. Schwuppdiwupp tauchen seine Spielsachen im Badeschaum unter. Wo sind der Eimer, der Wal und das Schiff? Wer die Farben und die Symbole richtig zuordnen kann, hilft dem kleinen Hasen dabei, alles wiederzufinden.Eine niedliche Spielesammlung rund um den Badehasen und seine Badewanne für 2 - 4 Kinder ab 2 Jahren.&#xD;
&#xD;
Fördert erstes Regelverständnis, bennen von Farben und Symbolen und Gedächtnis.</marc:subfield>
   </marc:datafield>
</marc:record>
